Nineteenth-century British novelists on the novel /

Bibliographic Details
Main Author: Barnett, George Leonard
Format: Book
Language:English
Published: New York : Appleton-Century-Crofts, [1971]
Series:Goldentree bibliographies in language and literature.
Subjects:

MARC

Tag First Indicator Second Indicator Subfields
LEADER 00000cam a2200000 4500
001 in00000141413
005 20151004060032.0
008 720515s1971 nyu b 00010 eng
010 |a  75130791  
035 |a (OCoLC)00307744 
035 |9 AAQ9298AM 
040 |a DLC  |c OUN  |d TXA  |d UtOrBLW 
049 |a TXAM  |c [1126213] 
050 0 |a PR862  |b .B3 
082 0 |a 823/.03 
100 1 |a Barnett, George Leonard. 
245 1 0 |a Nineteenth-century British novelists on the novel /  |c edited by George L. Barnett. 
264 1 |a New York :  |b Appleton-Century-Crofts,  |c [1971] 
300 |a xix, 316 pages ;  |c 25 cm. 
336 |a text  |b txt  |2 rdacontent 
337 |a unmediated  |b n  |2 rdamedia 
338 |a volume  |b nc  |2 rdacarrier 
490 1 |a Goldentree bibliographies in language and literature 
504 |a Includes bibliographical references. 
650 0 |a English fiction  |y 19th century. 
830 0 |a Goldentree bibliographies in language and literature. 
999 |a MARS 
999 f f |s bb8ce318-44c7-3970-bb18-070ba4e5772f  |i aac91031-5255-3965-aae4-f32edd87cc6d  |t 0 
952 f f |p ric  |a Texas A&M University  |b Rellis Campus  |c Joint Library Facility  |d Remote Storage  |t 0  |e PR862 .B3  |h Library of Congress classification  |i unmediated -- volume  |m A14803861062 
998 f f |a PR862 .B3  |t 0  |l Remote Storage